| 000 | 01109cam a2200265 a 4500 | ||
|---|---|---|---|
| 999 |
_c233189 _d233189 |
||
| 001 | 14894330 | ||
| 003 | Nust | ||
| 005 | 20170304164843.0 | ||
| 008 | 070618s1931 enk 000 0 eng | ||
| 010 | _a 2007577581 | ||
| 020 | _a9780753817476 | ||
| 040 |
_aDLC _cDLC |
||
| 050 | 0 | 0 |
_aPR4852 _b1931 |
| 051 |
_aPR4852 _b1931 Copy 2 _cWith bookplate of J.W. Privett. Part of the gift of Mrs. H. Dunscombe Colt, 1984-1987. |
||
| 051 |
_aPR4852 _b1931 Copy 3 _cGift of Rear Admiral Lloyd H. Chandler, U.S.N., Jan. 4, 1937. |
||
| 082 |
_a821.8 _bKIP |
||
| 100 | 1 |
_aKipling, Rudyard, _d1865-1936. |
|
| 240 | 1 | 0 |
_aPoems. _kSelections |
| 245 | 1 | 0 | _aRudyard Kipling selected poems |
| 260 |
_aLondon : _bMethuen, _c1931. |
||
| 300 |
_avii, 143 p. ; _c17 cm. |
||
| 510 | 4 |
_aStewart, J.M. Kipling, _c581 |
|
| 510 | 4 |
_aLivingston, F.V.M. Kipling, _c563 |
|
| 561 | _5DLC | ||
| 710 | 2 |
_aColt Kipling Collection (Library of Congress) _5DLC |
|
| 710 | 2 |
_aChandler Kipling Collection (Library of Congress) _5DLC |
|
| 906 |
_a7 _bcbc _corignew _d2 _encip _f20 _gy-genrareb |
||
| 942 |
_2ddc _cBK |
||